| 000 | 01027cab a2200301 4500 | ||
|---|---|---|---|
| 001 | WB3042-71 | ||
| 008 | 090401t1994 xxu||||| |||| 00| 0 eng d | ||
| 035 | _a(Sirsi) u80356 | ||
| 041 | _aeng | ||
| 245 | _aWorth a thousand words | ||
| 260 | _c1994 | ||
| 350 | _a0 | ||
| 490 |
_aEstates Gazette _v(9444) 5 November 1994, 236(1) |
||
| 520 | _aDiscusses "McCullagh v Lane Fox and Partners Ltd" (Abs50202) and "St Marylebone Property Co Ltd v Payne" which ruled that an agent who gives a false answer to a question from a prospective purchaser may be personally liable for damages to the purchaser. | ||
| 650 | _aAUCTION PARTICULARS | ||
| 650 |
_aAuctioneering _96218 |
||
| 650 | _aCONTRACTUAL DESCRIPTION | ||
| 650 | _aESTATE AGENTS | ||
| 650 | _aMISDESCRIPTIONS | ||
| 650 | _aMISLEADING PHOTOGRAPH | ||
| 650 | _aMISREPRESENTATION | ||
| 650 | _aPHOTOGRAPHS | ||
| 650 | _aPRE-SALE INFORMATION | ||
| 650 |
_aAuctioneering _96218 |
||
| 690 | _aPROPERTY LAW AND PRACTICE | ||
| 942 | _n0 | ||
| 948 | _c04/03/1997 | ||
| 999 |
_c50611 _d50611 |
||